<?xml version="1.0" encoding="UTF-8"?>
<record
    xmlns:xsi="http://www.w3.org/2001/XMLSchema-instance"
    xsi:schemaLocation="http://www.loc.gov/MARC21/slim http://www.loc.gov/standards/marcxml/schema/MARC21slim.xsd"
    xmlns="http://www.loc.gov/MARC21/slim">

  <leader>00748nab a2200229 uc4500</leader>
  <controlfield tag="001">761510</controlfield>
  <controlfield tag="005">20240201183612.0</controlfield>
  <controlfield tag="008">020717s2002                        spa  </controlfield>
  <datafield tag="035" ind1=" " ind2=" ">
    <subfield code="a">761510</subfield>
  </datafield>
  <datafield tag="035" ind1=" " ind2=" ">
    <subfield code="a">(OCoLC)819980820</subfield>
  </datafield>
  <datafield tag="040" ind1=" " ind2=" ">
    <subfield code="c">comduadb</subfield>
  </datafield>
  <datafield tag="041" ind1=" " ind2=" ">
    <subfield code="a">spa</subfield>
  </datafield>
  <datafield tag="100" ind1="1" ind2="0">
    <subfield code="a">Broglia, Ricardo A.</subfield>
    <subfield code="4">aut</subfield>
    <subfield code="e">aut</subfield>
    <subfield code="9">523764</subfield>
  </datafield>
  <datafield tag="245" ind1="1" ind2="0">
    <subfield code="a">De los nucleos atomicos a las proteinas</subfield>
  </datafield>
  <datafield tag="650" ind1=" " ind2=" ">
    <subfield code="a">N&#xFA;cleo at&#xF3;mico</subfield>
    <subfield code="9">64647</subfield>
  </datafield>
  <datafield tag="650" ind1=" " ind2=" ">
    <subfield code="a">Nucleoprote&#xED;nas</subfield>
    <subfield code="9">59867</subfield>
  </datafield>
  <datafield tag="650" ind1=" " ind2="7">
    <subfield code="a">Amino&#xE1;cidos</subfield>
    <subfield code="2">dcs</subfield>
    <subfield code="9">2097</subfield>
  </datafield>
  <datafield tag="650" ind1=" " ind2=" ">
    <subfield code="a">Prote&#xED;nas</subfield>
    <subfield code="9">174907</subfield>
  </datafield>
  <datafield tag="650" ind1=" " ind2=" ">
    <subfield code="a">Estructura nuclear</subfield>
    <subfield code="9">5457</subfield>
  </datafield>
  <datafield tag="773" ind1="0" ind2=" ">
    <subfield code="t">Investigaci&#xF3;n y Ciencia. Edici&#xF3;n Espa&#xF1;ola de Scientific American (Barcelona)</subfield>
    <subfield code="g">N&#xFA;mero 309, Junio 2002, p. 54-60</subfield>
    <subfield code="w">5406</subfield>
    <subfield code="z">0210136X</subfield>
    <subfield code="0">3445</subfield>
  </datafield>
  <datafield tag="942" ind1=" " ind2=" ">
    <subfield code="c">ARIMP</subfield>
  </datafield>
  <datafield tag="999" ind1=" " ind2=" ">
    <subfield code="c">252884</subfield>
    <subfield code="d">252884</subfield>
  </datafield>
</record>
